<?xml version="1.0" encoding="UTF-8"?>
<record
    xmlns:xsi="http://www.w3.org/2001/XMLSchema-instance"
    xsi:schemaLocation="http://www.loc.gov/MARC21/slim http://www.loc.gov/standards/marcxml/schema/MARC21slim.xsd"
    xmlns="http://www.loc.gov/MARC21/slim">

  <leader>00575nam a2200181Ia 4500</leader>
  <controlfield tag="008">230718s9999    xx            000 0 und d</controlfield>
  <datafield tag="020" ind1=" " ind2=" ">
    <subfield code="a">9780321884916</subfield>
  </datafield>
  <datafield tag="041" ind1=" " ind2=" ">
    <subfield code="a">eng</subfield>
  </datafield>
  <datafield tag="082" ind1=" " ind2=" ">
    <subfield code="a">005.13'3</subfield>
    <subfield code="b">SHA</subfield>
  </datafield>
  <datafield tag="100" ind1=" " ind2=" ">
    <subfield code="a">Shaw Z.A.</subfield>
  </datafield>
  <datafield tag="245" ind1=" " ind2=" ">
    <subfield code="a">Learn Python The Hard Way </subfield>
    <subfield code="b">A Very Simple Introduction To The Terrifyingly Beautiful World Of Computers And Code </subfield>
  </datafield>
  <datafield tag="250" ind1=" " ind2=" ">
    <subfield code="a">3rd ed.</subfield>
  </datafield>
  <datafield tag="260" ind1=" " ind2=" ">
    <subfield code="c">2014</subfield>
    <subfield code="b">Addison Wesley</subfield>
  </datafield>
  <datafield tag="300" ind1=" " ind2=" ">
    <subfield code="a">287</subfield>
    <subfield code="d">Ref 1592 C (55552)</subfield>
  </datafield>
  <datafield tag="365" ind1=" " ind2=" ">
    <subfield code="c">Rs.</subfield>
    <subfield code="b">2815.29</subfield>
  </datafield>
  <datafield tag="700" ind1=" " ind2=" ">
    <subfield code="a">Shaw Z.A.</subfield>
  </datafield>
  <datafield tag="906" ind1=" " ind2=" ">
    <subfield code="d">O:0373309-Feb-2017B:SE/SI/373503-Feb-2017</subfield>
    <subfield code="c">COMP</subfield>
    <subfield code="b">3519.11</subfield>
  </datafield>
  <datafield tag="999" ind1=" " ind2=" ">
    <subfield code="c">344346</subfield>
    <subfield code="d">344346</subfield>
  </datafield>
  <datafield tag="952" ind1=" " ind2=" ">
    <subfield code="0">0</subfield>
    <subfield code="1">0</subfield>
    <subfield code="4">0</subfield>
    <subfield code="7">0</subfield>
    <subfield code="a">CCEP</subfield>
    <subfield code="b">CCEP</subfield>
    <subfield code="d">2017-02-14</subfield>
    <subfield code="e">Suyog Enterprises</subfield>
    <subfield code="f">COMP</subfield>
    <subfield code="g">2111.47</subfield>
    <subfield code="i">SE/SI/3735</subfield>
    <subfield code="l">11</subfield>
    <subfield code="o">005.13'3</subfield>
    <subfield code="p">CCEP-BK-55553</subfield>
    <subfield code="r">2026-03-12 17:03:51</subfield>
    <subfield code="s">2026-02-24</subfield>
    <subfield code="t">3519.11</subfield>
    <subfield code="v">2815.29</subfield>
    <subfield code="w">2017-02-03</subfield>
    <subfield code="y">BK</subfield>
    <subfield code="z">055553</subfield>
  </datafield>
</record>
